Raging rivers / (Record no. 3896)

MARC details
000 -LEADER
fixed length control field 01159cam a2200301 a 4500
005 - DATE AND TIME OF LATEST TRANSACTION
control field 20250821140749.0
020 ## - INTERNATIONAL STANDARD BOOK NUMBER
International Standard Book Number 9780439944564
Qualifying information (pbk.)
040 ## - CATALOGING SOURCE
Original cataloging agency UKM
Language of cataloging eng
Transcribing agency UKM
Modifying agency BTCTA
-- YDXCP
-- OCLCO
-- OCLCF
-- OCLCO
-- OCLCQ
-- DLC
050 00 - LIBRARY OF CONGRESS CALL NUMBER
Classification number GB1203.G35Geography
082 04 - DEWEY DECIMAL CLASSIFICATION NUMBER
Classification number 551.483
100 1# - MAIN ENTRY--PERSONAL NAME
Personal name Ganeri, Anita
Dates associated with a name 1961-
245 10 - TITLE STATEMENT
Title Raging rivers /
Statement of responsibility, etc. Anita Ganeri ; illustrated by Mike Phillips.
250 ## - EDITION STATEMENT
Edition statement First published in the UK by Scholastic Ltd, 2000
260 ## - PUBLICATION, DISTRIBUTION, ETC.
Place of publication, distribution, etc. London ;
-- New York :
Name of publisher, distributor, etc. Scholastic,
Date of publication, distribution, etc. 2008
300 ## - PHYSICAL DESCRIPTION
Extent 160 pages :
Other physical details illustrations, maps ;
Dimensions 20 cm.
490 ## - SERIES STATEMENT
Series statement Horrible Geography
505 ## - FORMATTED CONTENTS NOTE
Formatted contents note O <br/>
520 ## - SUMMARY, ETC.
Summary, etc. Where in the world can you: Peer over the edge of a roaring waterfall? Come face-to-face with a peckish piranha? Go white-water rafting through hair-raising rapids?
521 ## - TARGET AUDIENCE NOTE
Target audience note 600 <br/>
Source Lexile estimate <br/>
521 ## - TARGET AUDIENCE NOTE
Target audience note O <br/>
Source Raz-Plus <br/>
650 #0 - SUBJECT ADDED ENTRY--TOPICAL TERM
Topical term or geographic name entry element Rivers
Form subdivision Juvenile literature.
650 #7 - SUBJECT ADDED ENTRY--TOPICAL TERM
Topical term or geographic name entry element Rivers.
Source of heading or term fast
Authority record control number or standard number (OCoLC)fst01098312
655 #7 - INDEX TERM--GENRE/FORM
Genre/form data or focus term Juvenile works.
Source of term fast
Authority record control number or standard number (OCoLC)fst01411637
700 1# - ADDED ENTRY--PERSONAL NAME
Personal name Phillips, Mike
Dates associated with a name 1961-
906 ## - LOCAL DATA ELEMENT F, LDF (RLIN)
a 7
b cbc
c copycat
d 2
e ncip
f 20
g y-gencatlg
942 ## - ADDED ENTRY ELEMENTS (KOHA)
Source of classification or shelving scheme Dewey Decimal Classification
Koha item type Books
Suppress in OPAC No
999 ## -
-- 3896
-- 3896
Holdings
Withdrawn status Lost status Source of classification or shelving scheme Damaged status Not for loan Collection Home library Current library Shelving location Date acquired Total Checkouts Full call number Barcode Date last seen Copy number Price effective from Koha item type
    Dewey Decimal Classification     Non-Fiction Footprints International School Library Network Toul Tom Poung Campus Footprints International School Library Network Toul Tom Poung Campus TTP Primary Yellow Bookshelves 05/22/2024   GAN 541.483 GB1203.G35 FISSE00060 05/22/2024 1 05/22/2024 Books
    Dewey Decimal Classification     Non-Fiction Footprints International School Library Network Toul Tom Poung Campus Footprints International School Library Network Toul Tom Poung Campus TTP Primary Yellow Bookshelves 08/21/2025   GAN 541.483 GB1203.G35 FIS01130 08/21/2025 2 08/21/2025 Books
    Dewey Decimal Classification     Non-Fiction Footprints International School Library Network Toul Tom Poung Campus Footprints International School Library Network Toul Tom Poung Campus TTP Primary Yellow Bookshelves 08/21/2025   GAN 541.483 GB1203.G35 FISO5371 08/21/2025 3 08/21/2025 Books